000 00284nam a22001337a 4500
008 181022b xxu||||| |||| 00| 0 eng d
020 _a9780071760591
041 _aeng
080 _22nd
_a371
100 _a46
101 _aEDU
245 _aItalian
_cGermano,J.E
942 _2udc
_cBK
999 _c50429
_d50429